| 000 | 00517nam a22001817a 4500 | ||
|---|---|---|---|
| 003 | MN-UlNLM | ||
| 005 | 20250122144501.0 | ||
| 008 | 241017s2024 mp ||||| |||| 00| 0 mon d | ||
| 020 | _a9789919033446 | ||
| 040 | _bmon | ||
| 084 |
_2NNA _a85.334.3(5Мон) _bД 881 _q85 |
||
| 100 | 1 | _aДэлгэржаргал Ш. | |
| 245 | 0 |
_aТунгалаг тамирын Дулмаа _cХян. Д.Цээсэд |
|
| 260 | 1 |
_aУБ _bНикель Декель _c2024 |
|
| 300 |
_a131х _eЗур |
||
| 546 | _amon | ||
| 942 | _cBK | ||
| 999 |
_c1145439 _d1145496 |
||